[Event "3rd DC International"]
[Site "Arlington, VA"]
[Date "2015.06.25"]
[Round "1.1"]
[White "Mcshane, Luke"]
[Black "Boas, Toby"]
[Result "1-0"]
[WhiteElo "2685"]
[BlackElo "2218"]
[PlyCount "74"]
[EventDate "2015.06.??"]
[EventType "swiss"]
[EventRounds "9"]
[EventCountry "USA"]
[WhiteClock "0:17:28"]
[BlackClock "0:00:46"]

1. e4 Nf6 2. Nc3 e5 3. Nf3 Nc6 4. Bb5 Bc5 5. O-O O-O 6. Bxc6 dxc6 7. h3 Re8 8.
d3 Nd7 9. Ne2 Bf8 10. Nh2 c5 11. Ng4 Nb8 12. Ne3 Nc6 13. f4 exf4 14. Nxf4 Nd4
15. Bd2 c6 16. Kh1 g6 17. Ne2 h5 18. Ng1 Bg7 19. Qe1 Nxc2 20. Nxc2 Qxd3 21. Qf2
Be6 22. Bc3 Bxc3 23. bxc3 Qxc3 24. Rac1 b6 25. Nf3 Qg7 26. Nce1 Re7 27. Nd3
Rae8 28. Nf4 Bc8 29. e5 f6 30. exf6 Qxf6 31. Qg3 Rg7 32. Ng5 Bf5 33. Rf3 c4 34.
Rcf1 Re5 35. h4 b5 36. Nfe6 Qxe6 37. Nxe6 Rxe6 1-0

[Event "3rd DC International"]
[Site "Arlington, VA"]
[Date "2015.06.25"]
[Round "1.2"]
[White "Rohan, Ahuja"]
[Black "Bachmann, Axel"]
[Result "0-1"]
[WhiteElo "2218"]
[BlackElo "2626"]
[PlyCount "60"]
[EventDate "2015.06.??"]
[EventType "swiss"]
[EventRounds "9"]
[EventCountry "USA"]
[WhiteClock "0:14:10"]
[BlackClock "1:26:31"]

1. Nf3 g6 2. g3 Bg7 3. d4 Nf6 4. Bg2 O-O 5. c4 d6 6. O-O Nbd7 7. Nc3 e5 8. e4
exd4 9. Nxd4 Re8 10. h3 a6 11. Be3 Rb8 12. b3 c5 13. Nc2 Ne5 14. Qe2 b5 15.
cxb5 Qa5 16. Qd2 axb5 17. Rfd1 Bxh3 18. f4 b4 19. fxe5 bxc3 20. Qxd6 Bxg2 21.
Kxg2 Nxe4 22. Qc6 Rxe5 23. Bf4 Re6 24. Qxe6 fxe6 25. Bxb8 Nd2 26. Bf4 Qa8+ 27.
Kh3 Qe4 28. Rac1 g5 29. Bxd2 g4+ 30. Kh2 Qe2+ 0-1

[Event "3rd DC International"]
[Site "Arlington, VA"]
[Date "2015.06.25"]
[Round "1.4"]
[White "Taborsky, Rostislav"]
[Black "Zhou, Jianchao"]
[Result "0-1"]
[WhiteElo "2216"]
[BlackElo "2597"]
[PlyCount "80"]
[EventDate "2015.06.??"]
[EventType "swiss"]
[EventRounds "9"]
[EventCountry "USA"]
[WhiteClock "0:30:10"]
[BlackClock "0:02:13"]

1. d4 Nf6 2. c4 g6 3. Nc3 d5 4. cxd5 Nxd5 5. e4 Nxc3 6. bxc3 Bg7 7. Be3 c5 8.
Qd2 Qa5 9. Rc1 O-O 10. Nf3 Rd8 11. d5 e6 12. Bg5 f6 13. Be3 Nc6 14. Bd3 exd5
15. exd5 Ne7 16. c4 Qxd2+ 17. Nxd2 b6 18. O-O Nf5 19. Bf4 Bd7 20. Rfe1 Bf8 21.
Ne4 Kf7 22. f3 Re8 23. Kf2 g5 24. Bg3 h5 25. h3 Nxg3 26. Nxg3 h4 27. Nf5 a6 28.
Rxe8 Rxe8 29. Re1 Rb8 30. Rb1 b5 31. Ne3 b4 32. Bf5 Bxf5 33. Nxf5 Kg6 34. g4
hxg3+ 35. Nxg3 a5 36. Rh1 a4 37. h4 gxh4 38. Rxh4 f5 39. Ne2 Bg7 40. Nf4+ Kf7
0-1

[Event "3rd DC International"]
[Site "Arlington, VA"]
[Date "2015.06.25"]
[Round "1"]
[White "Niemann, Hans"]
[Black "Maghami, Ehsan"]
[Result "0-1"]
[WhiteElo "2179"]
[BlackElo "2562"]
[PlyCount "30"]
[EventDate "2015.06.??"]
[EventType "swiss"]
[EventRounds "9"]
[EventCountry "USA"]

1. d4 Nf6 2. c4 e6 3. Nf3 d5 4. g3 dxc4 5. Bg2 Nc6 6. Qa4 Bb4+ 7. Bd2 Nd5 8.
Bxb4 Ndxb4 9. O-O Rb8 10. a3 b5 11. Qd1 Nd5 12. b3 Na5 13. bxc4 bxc4 14. e4 Nb3
15. Ra2 Nb6 0-1

[Event "3rd DC International"]
[Site "Arlington, VA"]
[Date "2015.06.25"]
[Round "1"]
[White "Wang, Kevin"]
[Black "Nieto, Guillermo"]
[Result "1/2-1/2"]
[WhiteElo "2364"]
[BlackElo "2001"]
[PlyCount "122"]
[EventDate "2015.06.??"]
[EventType "swiss"]
[EventRounds "9"]
[EventCountry "USA"]

1. d4 Nf6 2. Nf3 e6 3. e3 c5 4. b3 b6 5. Bd3 Bb7 6. O-O Be7 7. Bb2 O-O 8. Nbd2
cxd4 9. exd4 d6 10. c4 Nbd7 11. Re1 Rc8 12. Rc1 Qc7 13. Nf1 Rfe8 14. Ng3 Bf8
15. Bb1 Qb8 16. Qd3 e5 17. Ng5 h6 18. dxe5 dxe5 19. Nh7 Bb4 20. Re2 e4 21.
Nxf6+ Nxf6 22. Qc2 Qf4 23. a3 Bd6 24. Rce1 b5 25. Bd4 bxc4 26. bxc4 h5 27. Bxf6
gxf6 28. Qb2 Rb8 29. Qd2 Qxd2 30. Rxd2 Bxg3 31. hxg3 f5 32. Ba2 Red8 33. Red1
Rxd2 34. Rxd2 Bc6 35. c5 Kg7 36. Rd6 Rc8 37. Bc4 Be8 38. Rd5 Kf6 39. Kf1 Bc6
40. Rd6+ Ke7 41. Ba6 Rc7 42. Rd1 Bb7 43. Bxb7 Rxb7 44. Rd5 Ke6 45. Rd6+ Ke7 46.
Ra6 Rc7 47. Ra5 Ke6 48. Ke2 Kd5 49. c6+ Kd4 50. Rxf5 Rxc6 51. Rxf7 Ra6 52. Rd7+
Ke5 53. Re7+ Kd4 54. f3 exf3+ 55. gxf3 Rxa3 56. Re4+ Kd5 57. Rh4 Ra2+ 58. Kd1
Ra1+ 59. Kc2 Ra3 60. Rxh5+ Ke6 61. Rh6+ Kf7 1/2-1/2

[Event "3rd DC International"]
[Site "Arlington, VA"]
[Date "2015.06.25"]
[Round "1"]
[White "Helfst, Matt"]
[Black "Gorti, Akshita"]
[Result "0-1"]
[WhiteElo "1941"]
[BlackElo "2324"]
[PlyCount "114"]
[EventDate "2015.06.??"]
[EventType "swiss"]
[EventRounds "9"]
[EventCountry "USA"]

1. Nf3 Nf6 2. c4 b6 3. g3 Bb7 4. Bg2 e6 5. O-O Be7 6. Nc3 O-O 7. d4 Ne4 8. Qc2
Nxc3 9. Qxc3 f5 10. Nd2 Bxg2 11. Kxg2 d6 12. Qe3 Rf6 13. Nf3 h6 14. b3 Nd7 15.
Qd3 Qe8 16. e4 fxe4 17. Qxe4 Rd8 18. Qc6 Qg6 19. Nh4 Qd3 20. Be3 g5 21. Nf3 d5
22. Nd2 dxc4 23. bxc4 Bd6 24. Ne4 Rf7 25. Rfd1 Nb8 26. Rxd3 Nxc6 27. Nxd6 Rxd6
28. d5 Nb4 29. Rb3 Nc2 30. Rd1 exd5 31. Rxd5 Rxd5 32. cxd5 Rd7 33. Rc3 Nb4 34.
Ra3 a5 35. h4 gxh4 36. gxh4 Kh7 37. Rc3 Nxd5 38. Rc6 Rd6 39. Rc2 c5 40. Kf3 Nb4
41. Re2 c4 42. Ke4 b5 43. Bd4 Nc6 44. Be5 Nxe5 45. Kxe5 Rd8 46. Rc2 Rc8 47. Kd4
Kg6 48. a3 h5 49. Kc3 Rd8 50. Rb2 Rd3+ 51. Kc2 Rb3 52. Ra2 Kf5 53. Kd2 Kg4 54.
a4 b4 55. Rc2 c3+ 56. Kd3 Rb2 57. Rc1 Rxf2 0-1

[Event "3rd DC International"]
[Site "Arlington, VA"]
[Date "2015.06.25"]
[Round "1"]
[White "Idnani, Roshan"]
[Black "Wheeler, Cameron"]
[Result "0-1"]
[WhiteElo "1821"]
[BlackElo "2299"]
[PlyCount "64"]
[EventDate "2015.06.??"]
[EventType "swiss"]
[EventRounds "9"]
[EventCountry "USA"]

1. Nf3 d5 2. g3 g6 3. Bg2 Bg7 4. d4 Nf6 5. O-O c6 6. c4 dxc4 7. Nc3 O-O 8. Ne5
Ng4 9. Nf3 e5 10. d5 cxd5 11. Qxd5 Qxd5 12. Nxd5 Nc6 13. h3 Nf6 14. Nc7 Rb8 15.
Be3 Rd8 16. Rfd1 Bf5 17. Nd2 Rbc8 18. Nb5 a6 19. Nc3 b5 20. Nde4 Nxe4 21. Nxe4
Nd4 22. Bxd4 exd4 23. Rac1 h6 24. Rd2 Be6 25. Rdc2 a5 26. Kh2 b4 27. Nd2 c3 28.
bxc3 dxc3 29. Nf1 a4 30. Rb1 b3 31. axb3 axb3 32. Rcc1 c2 0-1

[Event "3rd DC International"]
[Site "Arlington, VA"]
[Date "2015.06.26"]
[Round "2.1"]
[White "Brown, Michael"]
[Black "Mcshane, Luke"]
[Result "0-1"]
[WhiteElo "2354"]
[BlackElo "2685"]
[PlyCount "88"]
[EventDate "2015.06.??"]
[EventType "swiss"]
[EventRounds "9"]
[EventCountry "USA"]
[WhiteClock "0:16:33"]
[BlackClock "0:10:37"]

1. d4 Nf6 2. c4 g6 3. Nc3 Bg7 4. e4 d6 5. Be2 O-O 6. Nf3 Nbd7 7. O-O e5 8. Be3
Re8 9. d5 Nh5 10. g3 Bf8 11. Ne1 Ng7 12. Nd3 f5 13. Qd2 Be7 14. f3 a5 15. Rab1
Rf8 16. a3 Nf6 17. c5 fxe4 18. fxe4 Bh3 19. Rf3 Rf7 20. b4 axb4 21. axb4 Qf8
22. Nf2 Bc8 23. c6 h5 24. cxb7 Bxb7 25. Nh3 Nh7 26. Rxf7 Qxf7 27. Ng5 Nxg5 28.
Bxg5 Rf8 29. Rf1 Qe8 30. Nb5 Qd8 31. Rxf8+ Kxf8 32. Bh6 Qd7 33. Nc3 Kg8 34. Qa2
h4 35. Bb5 Qd8 36. Bc6 Bc8 37. Be3 Nh5 38. gxh4 Bxh4 39. Qg2 Qf6 40. Nb5 Nf4
41. Bxf4 Qxf4 42. Nxc7 Qc1+ 43. Qf1 Qe3+ 44. Kh1 Bh3 0-1

[Event "3rd DC International"]
[Site "Arlington, VA"]
[Date "2015.06.26"]
[Round "2.2"]
[White "Bachmann, Axel"]
[Black "Cao, Jason"]
[Result "1/2-1/2"]
[WhiteElo "2626"]
[BlackElo "2332"]
[PlyCount "84"]
[EventDate "2015.06.??"]
[EventType "swiss"]
[EventRounds "9"]
[EventCountry "USA"]
[WhiteClock "1:44:58"]
[BlackClock "1:45:07"]

1. g3 e6 2. Bg2 Nf6 3. Nf3 d5 4. O-O c5 5. c4 d4 6. e3 Nc6 7. exd4 cxd4 8. d3
Bd6 9. a3 a5 10. Bg5 O-O 11. Nbd2 e5 12. Re1 Re8 13. Rc1 Bf5 14. Ne4 Be7 15.
Bxf6 Bxf6 16. c5 Be7 17. Nfd2 Rb8 18. Nc4 Bxe4 19. Bxe4 Bxc5 20. Bxc6 bxc6 21.
Nxe5 Qd5 22. Nc4 g6 23. Qa4 Bf8 24. Rxe8 Rxe8 25. Nxa5 Re2 26. Nxc6 Rxb2 27.
Qxd4 Qxd4 28. Nxd4 Bxa3 29. Rc8+ Kg7 30. Nc2 Be7 31. Kf1 h5 32. h4 Kf6 33. Rc6+
Ke5 34. Ne3 Ra2 35. Kg2 Ra7 36. Kf3 Kd4 37. Ke2 Ra2+ 38. Nc2+ Kd5 39. Rc4 Rb2
40. Kf3 Bc5 41. Rc3 Rb6 42. d4 Bxd4 1/2-1/2

[Event "3rd DC International"]
[Site "Arlington, VA"]
[Date "2015.06.26"]
[Round "2.4"]
[White "Zhou, Jianchao"]
[Black "Nuri, Kambez"]
[Result "1-0"]
[WhiteElo "2597"]
[BlackElo "2322"]
[PlyCount "101"]
[EventDate "2015.06.??"]
[EventType "swiss"]
[EventRounds "9"]
[EventCountry "USA"]
[WhiteClock "0:05:40"]
[BlackClock "0:03:18"]

1. c4 e6 2. Nc3 d5 3. d4 c5 4. cxd5 exd5 5. Nf3 Nc6 6. g3 Nf6 7. Bg2 Be7 8. O-O
O-O 9. Bg5 c4 10. Ne5 Be6 11. b3 h6 12. Bxf6 Bxf6 13. Nxc6 bxc6 14. bxc4 dxc4
15. e3 Qa5 16. Ne4 Be7 17. Qc2 Rab8 18. Nd2 Qa6 19. a3 Rfd8 20. Rfb1 Rbc8 21.
Rd1 h5 22. Rac1 c5 23. d5 Bxd5 24. Bxd5 Rxd5 25. Nxc4 Qe6 26. Rxd5 Qxd5 27. Rd1
Qe6 28. h4 g6 29. e4 Qg4 30. Kg2 Qe6 31. e5 Kg7 32. Qe4 Rc7 33. Qd5 Qxd5+ 34.
Rxd5 f6 35. Kf3 fxe5 36. Ke4 Bf6 37. Rd6 Kf7 38. Kd5 e4 39. Kxe4 Bd4 40. f4
Re7+ 41. Kd5 Rc7 42. Re6 Kg7 43. Nd6 Kh7 44. Nb5 Rd7+ 45. Rd6 Rb7 46. Nxd4 cxd4
47. Kc4 Kg7 48. Rxd4 Kf6 49. Rd5 Rb1 50. a4 Rg1 51. a5 1-0

[Event "3rd DC International"]
[Site "Arlington, VA"]
[Date "2015.06.26"]
[Round "2"]
[White "Maghami, Ehsan"]
[Black "Griffith, Kyron"]
[Result "1-0"]
[WhiteElo "2562"]
[BlackElo "2320"]
[PlyCount "67"]
[EventDate "2015.06.??"]
[EventType "swiss"]
[EventRounds "9"]
[EventCountry "USA"]

1. d4 Nf6 2. g3 d5 3. Bg2 e6 4. Nf3 Nbd7 5. O-O b6 6. c4 Bb7 7. cxd5 exd5 8.
Bf4 Be7 9. Nc3 a6 10. Rc1 O-O 11. Ne5 Rc8 12. Bh3 Ra8 13. Bg2 Rc8 14. Qb3 c6
15. Bh3 b5 16. Nxd7 Nxd7 17. e4 dxe4 18. Rfd1 Ra8 19. Nxe4 Nf6 20. Nxf6+ Bxf6
21. d5 Bc8 22. Bxc8 Rxc8 23. dxc6 Qb6 24. Be3 Qc7 25. Rd5 Rfd8 26. Bf4 Qb6 27.
Rxd8+ Rxd8 28. c7 Rc8 29. Qd5 Qe6 30. Qb7 Bxb2 31. Rd1 Bf6 32. Rd6 Qf5 33.
Qxc8+ Qxc8 34. Rb6 1-0

[Event "3rd DC International"]
[Site "Arlington, VA"]
[Date "2015.06.26"]
[Round "2"]
[White "Katz, Alexander"]
[Black "Panchanathan, Magesh"]
[Result "0-1"]
[WhiteElo "2320"]
[BlackElo "2541"]
[PlyCount "66"]
[EventDate "2015.06.??"]
[EventType "swiss"]
[EventRounds "9"]
[EventCountry "USA"]

1. e4 e5 2. Nf3 Nc6 3. Bb5 a6 4. Ba4 Nf6 5. O-O Be7 6. Re1 b5 7. Bb3 d6 8. c3
O-O 9. d4 Bg4 10. Be3 Na5 11. dxe5 dxe5 12. Qxd8 Raxd8 13. Nxe5 Bd6 14. Nd3
Bxh2+ 15. Kxh2 Rxd3 16. f3 Be6 17. Bc2 Rd7 18. a4 Nc4 19. Bc1 c6 20. axb5 axb5
21. Ra6 Rc8 22. f4 g6 23. f5 gxf5 24. exf5 Bd5 25. Bg5 Ng4+ 26. Kg3 f6 27. Kxg4
Rg7 28. b3 Rxg5+ 29. Kf4 Nb2 30. g4 h5 31. gxh5 Kh8 32. Re7 Rcg8 33. Ra2 Rg3
0-1

[Event "3rd DC International"]
[Site "Arlington, VA"]
[Date "2015.06.26"]
[Round "2"]
[White "Debs, Felipe"]
[Black "Krishnan, Varun"]
[Result "1/2-1/2"]
[WhiteElo "2515"]
[BlackElo "2305"]
[PlyCount "55"]
[EventDate "2015.06.??"]
[EventType "swiss"]
[EventRounds "9"]
[EventCountry "USA"]

1. d4 d5 2. c4 e6 3. Nc3 c6 4. e4 dxe4 5. Nxe4 Nf6 6. Nxf6+ Qxf6 7. Nf3 Bb4+ 8.
Bd2 Bxd2+ 9. Qxd2 O-O 10. Bd3 Nd7 11. Qe3 c5 12. dxc5 Qxb2 13. O-O Qb4 14. Ng5
h6 15. Ne4 f5 16. Rfb1 Qa5 17. Rb5 Qd8 18. Nd6 Qf6 19. Rab1 b6 20. c6 Nb8 21.
Qf3 Na6 22. c5 Nxc5 23. Bc4 Qe5 24. Rd1 Kh7 25. g3 Rd8 26. Nf7 Rxd1+ 27. Qxd1
Qe4 28. Ng5+ 1/2-1/2

[Event "3rd DC International"]
[Site "Arlington, VA"]
[Date "2015.06.26"]
[Round "2"]
[White "Subramanian, Arun"]
[Black "Wang, Qibiao"]
[Result "1-0"]
[WhiteElo "2496"]
[BlackElo "2304"]
[PlyCount "58"]
[EventDate "2015.06.??"]
[EventType "swiss"]
[EventRounds "9"]
[EventCountry "USA"]

1. d4 Nf6 2. c4 e6 3. Nc3 Bb4 4. e3 O-O 5. Bd3 d5 6. a3 Bxc3+ 7. bxc3 c5 8.
cxd5 exd5 9. Ne2 b6 10. O-O Ba6 11. f3 Re8 12. Ng3 Bxd3 13. Qxd3 Nc6 14. Bb2 c4
15. Qd2 h5 16. Rae1 Qd7 17. Qc2 g6 18. e4 b5 19. e5 Nh7 20. f4 h4 21. f5 Nf8
22. Ne2 Ne7 23. f6 Nf5 24. Qd2 Ne6 25. Rxf5 gxf5 26. Rf1 Reb8 27. Rxf5 Kf8 28.
Rh5 Ke8 29. Rh8+ Nf8 1-0

[Event "3rd DC International"]
[Site "Arlington, VA"]
[Date "2015.06.26"]
[Round "2"]
[White "Jayaram, Ashwin"]
[Black "Velikanov, Alexander"]
[Result "1-0"]
[WhiteElo "2490"]
[BlackElo "2292"]
[PlyCount "77"]
[EventDate "2015.06.??"]
[EventType "swiss"]
[EventRounds "9"]
[EventCountry "USA"]

1. d4 Nf6 2. c4 g6 3. Nc3 d5 4. Bg5 Ne4 5. Bh4 Nxc3 6. bxc3 dxc4 7. e3 Qd5 8.
Be2 Bg7 9. Nf3 Nd7 10. O-O Nb6 11. Nd2 Bf5 12. Bf3 Qd7 13. Bxb7 Rb8 14. Be4 O-O
15. Bxf5 gxf5 16. a4 c5 17. Qc2 cxd4 18. exd4 Rbc8 19. Rfb1 Rc6 20. Nf3 Rg6 21.
Rb5 Nd5 22. Rab1 Nf4 23. Bg5 Nd3 24. Kf1 h6 25. Bd2 f4 26. h3 Bf6 27. Rb8 Qd5
28. Rxf8+ Kxf8 29. Rb8+ Kg7 30. Qb1 Qd6 31. Qb5 Kh7 32. Rc8 e5 33. Qxc4 e4 34.
Rc6 Qa3 35. Qxf7+ Rg7 36. Qxf6 exf3 37. Qf5+ Kh8 38. Rxh6+ Kg8 39. Qc8+ 1-0

[Event "3rd DC International"]
[Site "Arlington, VA"]
[Date "2015.06.26"]
[Round "2"]
[White "Wheeler, Cameron"]
[Black "Yang, Darwin"]
[Result "0-1"]
[WhiteElo "2299"]
[BlackElo "2484"]
[PlyCount "68"]
[EventDate "2015.06.??"]
[EventType "swiss"]
[EventRounds "9"]
[EventCountry "USA"]

1. Nf3 c5 2. c4 Nc6 3. Nc3 g6 4. g3 Bg7 5. Bg2 e6 6. O-O Nge7 7. a3 O-O 8. d3
d5 9. cxd5 exd5 10. Bd2 Re8 11. Rb1 Bg4 12. h3 Bxf3 13. Bxf3 Qd7 14. Kh2 Rac8
15. Bg2 b6 16. Qa4 d4 17. Ne4 Nd5 18. b4 cxb4 19. axb4 h6 20. b5 Nce7 21. Bb4
Nxb4 22. Qxb4 Nd5 23. Qd6 Red8 24. Qxd7 Rxd7 25. Rfc1 Rdc7 26. Rxc7 Rxc7 27.
Nd6 Nc3 28. Ra1 Bf8 29. Ne4 Nxb5 30. Nf6+ Kh8 31. e3 Rc2 32. exd4 Bg7 33. Ne4
Bxd4 34. Rb1 a6 0-1

[Event "3rd DC International"]
[Site "Arlington, VA"]
[Date "2015.06.26"]
[Round "2"]
[White "Aikhoje, Odion"]
[Black "Pinto, Renato"]
[Result "1/2-1/2"]
[WhiteElo "2274"]
[BlackElo "2422"]
[PlyCount "89"]
[EventDate "2015.06.??"]
[EventType "swiss"]
[EventRounds "9"]
[EventCountry "USA"]

1. Nf3 c5 2. c3 Nf6 3. d4 e6 4. Bg5 d5 5. e3 Nbd7 6. Nbd2 Bd6 7. Bd3 O-O 8. Qe2
h6 9. Bh4 Re8 10. O-O e5 11. dxe5 Nxe5 12. Nxe5 Bxe5 13. Nf3 Bc7 14. Rfd1 Bg4
15. h3 Bd7 16. Bxf6 Qxf6 17. Bb5 Bc6 18. Rd2 a6 19. Bxc6 bxc6 20. Qd1 Re4 21.
Qb3 Qd6 22. c4 Rb8 23. Qc2 Rxc4 24. Qxc4 dxc4 25. Rxd6 Bxd6 26. Nd2 Be5 27.
Nxc4 Bxb2 28. Rb1 Be5 29. Rxb8+ Bxb8 30. Kf1 f5 31. Ke2 Kf7 32. Kd3 Ke6 33. Nb6
Bc7 34. Na4 Kd5 35. Nc3+ Kd6 36. Kc4 Ba5 37. Na4 Be1 38. f3 Bf2 39. Nxc5 Bxe3
40. Nxa6 c5 41. a4 Kc6 42. Nb8+ Kc7 43. Na6+ Kc6 44. Nb8+ Kc7 45. Na6+ 1/2-1/2

[Event "3rd DC International"]
[Site "Arlington, VA"]
[Date "2015.06.26"]
[Round "2"]
[White "Shen, Victor"]
[Black "Santarius, Erik"]
[Result "1/2-1/2"]
[WhiteElo "2412"]
[BlackElo "2266"]
[PlyCount "204"]
[EventDate "2015.06.??"]
[EventType "swiss"]
[EventRounds "9"]
[EventCountry "USA"]

1. d4 Nf6 2. c4 e6 3. Nc3 Bb4 4. Nf3 O-O 5. Bg5 h6 6. Bh4 c5 7. Rc1 cxd4 8.
Nxd4 Nc6 9. e3 g5 10. Bg3 Ne4 11. Bd3 Bxc3+ 12. bxc3 Nxg3 13. hxg3 Kg7 14. g4
b6 15. Be4 Ba6 16. Nxc6 dxc6 17. Qd4+ Qxd4 18. cxd4 Rfc8 19. Ke2 Rab8 20. Rhd1
c5 21. d5 exd5 22. Bxd5 Rd8 23. e4 Rd7 24. Rc3 Re8 25. Kf3 Ree7 26. a4 Rd6 27.
Rcd3 Bc8 28. Kg3 Bd7 29. Ra1 Be8 30. a5 b5 31. cxb5 Bxb5 32. Rc3 c4 33. Rac1
Ra6 34. Ra1 Rf6 35. Rac1 Rc7 36. Rb1 Rc5 37. f3 Kg6 38. Kf2 Bc6 39. Rxc4 Rxc4
40. Bxc4 Bxe4 41. Re1 Bc6 42. Re7 a6 43. Ra7 Bb5 44. Bxb5 axb5 45. Rb7 Rf4 46.
Rxb5 Ra4 47. Ke3 Ra2 48. Kd4 Rxg2 49. Kc5 Rf2 50. a6 Rxf3 51. a7 Ra3 52. Kb6
Rxa7 53. Kxa7 h5 54. gxh5+ Kxh5 55. Kb6 Kg4 56. Kc5 Kf3 57. Kd4 g4 58. Rf5+ Ke2
59. Rg5 Kf3 60. Kd3 g3 61. Rf5+ Kg4 62. Rxf7 g2 63. Ke2 g1=N+ 64. Ke3 Nh3 65.
Rf1 Ng5 66. Kd4 Nf3+ 67. Ke3 Ng5 68. Rf4+ Kh5 69. Ra4 Ne6 70. Ra5+ Kg6 71. Ke4
Ng5+ 72. Kf4 Ne6+ 73. Ke5 Ng7 74. Ra6+ Kg5 75. Ra1 Kg6 76. Rf1 Nh5 77. Rg1+ Kf7
78. Kf5 Ng7+ 79. Kg5 Ne6+ 80. Kf5 Nd4+ 81. Ke4 Ne6 82. Ke5 Nf8 83. Rf1+ Ke7 84.
Rf2 Nd7+ 85. Kf5 Kd6 86. Rd2+ Ke7 87. Ra2 Kd6 88. Ra6+ Kd5 89. Ra7 Nc5 90. Ra8
Nb7 91. Kf6 Nc5 92. Rd8+ Ke4 93. Rc8 Kd5 94. Ke7 Nb7 95. Rc1 Nc5 96. Rd1+ Ke5
97. Rh1 Ne4 98. Rh5+ Kd4 99. Ke6 Nc5+ 100. Kd6 Ne4+ 101. Kc6 Ke3 102. Rf5 Kd4
1/2-1/2

[Event "3rd DC International"]
[Site "Arlington, VA"]
[Date "2015.06.26"]
[Round "2"]
[White "Chandran, Kapil"]
[Black "Ippolito, Dean"]
[Result "0-1"]
[WhiteElo "2257"]
[BlackElo "2395"]
[PlyCount "72"]
[EventDate "2015.06.??"]
[EventType "swiss"]
[EventRounds "9"]
[EventCountry "USA"]

1. e4 c6 2. d4 d5 3. e5 Bf5 4. h4 h5 5. Bg5 Qb6 6. Bd3 Qxd4 7. Nf3 Qg4 8. O-O
Bxd3 9. Qxd3 e6 10. Nbd2 Be7 11. c4 Bxg5 12. hxg5 Ne7 13. Qa3 Nd7 14. Rac1 Ng6
15. Qe3 h4 16. Kh1 Rh5 17. cxd5 exd5 18. Nh2 Qf4 19. e6 Nde5 20. exf7+ Kxf7 21.
Qe2 Rhh8 22. Rc3 Rhe8 23. Re3 Qxg5 24. f4 Nxf4 25. Qf2 Neg6 26. Ndf3 Qh5 27.
Nxh4 Qxh4 28. g3 Qh5 29. Rf3 Kg8 30. gxf4 Re4 31. Rg1 Rae8 32. Qg3 Re2 33. Rb3
R8e7 34. f5 Ne5 35. Qf4 Ng4 36. Rxg4 Rxh2+ 0-1

[Event "3rd DC International"]
[Site "Arlington, VA"]
[Date "2015.06.26"]
[Round "2"]
[White "Colas, Joshua"]
[Black "Mulyar, Michael"]
[Result "0-1"]
[WhiteElo "2241"]
[BlackElo "2392"]
[PlyCount "54"]
[EventDate "2015.06.??"]
[EventType "swiss"]
[EventRounds "9"]
[EventCountry "USA"]

1. d4 d5 2. Nf3 Nf6 3. c4 c6 4. e3 e6 5. Nbd2 c5 6. cxd5 exd5 7. dxc5 Bxc5 8.
Bb5+ Nc6 9. O-O O-O 10. h3 Bb6 11. Nb3 Qe7 12. Nbd4 Bd7 13. Ne2 Rad8 14. b3 d4
15. Bxc6 dxe3 16. Bxd7 exf2+ 17. Kh1 Rxd7 18. Qc2 Nh5 19. Bf4 Re8 20. g4 Nxf4
21. Nxf4 Qe3 22. Ng5 Qxf4 23. Qxh7+ Kf8 24. Qh4 Re5 25. Nh7+ Kg8 26. Rac1 Qe4+
27. Kh2 Rd8 0-1

[Event "3rd DC International"]
[Site "Arlington, VA"]
[Date "2015.06.26"]
[Round "2"]
[White "Shankar, Gauri"]
[Black "Balakrishnan, Praveen"]
[Result "1-0"]
[WhiteElo "2365"]
[BlackElo "2226"]
[PlyCount "127"]
[EventDate "2015.06.??"]
[EventType "swiss"]
[EventRounds "9"]
[EventCountry "USA"]

1. e4 e5 2. Nf3 Nc6 3. Bc4 Bc5 4. d3 Nf6 5. O-O d6 6. c3 O-O 7. Nbd2 a6 8. Bb3
Ba7 9. h3 h6 10. Re1 Nh5 11. Nf1 Qf6 12. Be3 Nf4 13. Ng3 g6 14. Nh2 h5 15. Qf3
Kg7 16. Rad1 Nd8 17. Ne2 Nde6 18. Nxf4 Nxf4 19. Bxf4 Qxf4 20. Qxf4 exf4 21. d4
Bd7 22. Nf3 Rae8 23. e5 Bf5 24. exd6 cxd6 25. Bd5 Bc8 26. Ng5 f6 27. Ne6+ Bxe6
28. Bxe6 Re7 29. Bd5 Rfe8 30. Kf1 Kf8 31. Rxe7 Rxe7 32. Re1 b5 33. Rxe7 Kxe7
34. b4 Bb6 35. a3 Kd7 36. Bf7 g5 37. Bxh5 Ke6 38. Ke2 d5 39. Be8 Kd6 40. Bg6
Ke6 41. Be8 Kd6 42. Kf3 f5 43. h4 gxh4 44. Kxf4 Ke6 45. Kg5 Bc7 46. Bc6 Bd8+
47. Kg6 Bc7 48. Bb7 Bf4 49. Bc8+ Kd6 50. Bxa6 Bd2 51. Bxb5 Bxc3 52. Kxf5 Bxd4
53. f4 Bb2 54. a4 Bc3 55. a5 Bxb4 56. a6 Bc5 57. Kf6 d4 58. f5 Kd5 59. Bd3 Kd6
60. Kg7 Ke5 61. f6 Kf4 62. f7 Ke3 63. Bb5 d3 64. Bxd3 1-0

[Event "3rd DC International"]
[Site "Arlington, VA"]
[Date "2015.06.26"]
[Round "2"]
[White "Nieto, Guillermo"]
[Black "Vibbert, Sean"]
[Result "1-0"]
[WhiteElo "2001"]
[BlackElo "2360"]
[PlyCount "77"]
[EventDate "2015.06.??"]
[EventType "swiss"]
[EventRounds "9"]
[EventCountry "USA"]

1. e4 c5 2. Nf3 e6 3. d4 cxd4 4. Nxd4 Nc6 5. Nc3 Qc7 6. Be3 a6 7. Qd2 Nxd4 8.
Qxd4 Ne7 9. O-O-O Nc6 10. Qb6 Qxb6 11. Bxb6 Be7 12. f4 f6 13. Bc4 Bd8 14. Na4
Rb8 15. Rd2 Na5 16. Be2 Bxb6 17. Nxb6 Ke7 18. Rhd1 Rd8 19. Rd6 g6 20. b4 Nc6
21. c3 e5 22. g3 Nd4 23. cxd4 Kxd6 24. dxe5+ Ke7 25. exf6+ Kxf6 26. Rd6+ Kg7
27. e5 Re8 28. Kd2 Re6 29. Kc3 Kf8 30. Kd4 Ke7 31. Kd5 Ke8 32. Bg4 Re7 33. Rf6
Kd8 34. Kd6 Ke8 35. Bh3 Rg7 36. Bf1 g5 37. Be2 Rg8 38. Kc7 gxf4 39. Bh5+ 1-0

[Event "3rd DC International"]
[Site "Arlington, VA"]
[Date "2015.06.26"]
[Round "2"]
[White "Panchanatham, Vignesh"]
[Black "Idnani, Taran"]
[Result "1-0"]
[WhiteElo "2217"]
[BlackElo "1967"]
[PlyCount "67"]
[EventDate "2015.06.??"]
[EventType "swiss"]
[EventRounds "9"]
[EventCountry "USA"]

1. d4 Nf6 2. c4 c5 3. d5 b5 4. cxb5 a6 5. bxa6 g6 6. Nc3 Bg7 7. e4 d6 8. Nge2
O-O 9. g3 Nbd7 10. Bg2 Bxa6 11. O-O Qc7 12. Qc2 Rfb8 13. Rb1 Ne5 14. Rd1 c4 15.
h3 Nd3 16. Be3 Nd7 17. Nd4 N7c5 18. Nc6 Nb4 19. Qd2 Nxc6 20. dxc6 Bxc3 21. Qxc3
Qxc6 22. e5 Ne4 23. Qd4 Bb7 24. exd6 Rd8 25. Bh6 f6 26. Re1 Rxd6 27. Qxe4 Qxe4
28. Bxe4 Bxe4 29. Rxe4 Rxa2 30. Rxe7 g5 31. Rg7+ Kh8 32. Re1 Rd8 33. Ree7 Ra1+
34. Kg2 1-0

[Event "3rd DC International"]
[Site "Arlington, VA"]
[Date "2015.06.26"]
[Round "2"]
[White "Oen, Grant"]
[Black "Niemann, Hans"]
[Result "1/2-1/2"]
[WhiteElo "1930"]
[BlackElo "2179"]
[PlyCount "64"]
[EventDate "2015.06.??"]
[EventType "swiss"]
[EventRounds "9"]
[EventCountry "USA"]

1. d4 Nf6 2. c4 g6 3. Nc3 d5 4. cxd5 Nxd5 5. e4 Nxc3 6. bxc3 Bg7 7. Nf3 c5 8.
Rb1 O-O 9. Be2 cxd4 10. cxd4 Qa5+ 11. Bd2 Qxa2 12. O-O b6 13. Qc1 Qe6 14. Bc4
Qd7 15. Bb5 Qd8 16. Bh6 Ba6 17. Bxg7 Kxg7 18. Bxa6 Nxa6 19. Qa3 Nc7 20. d5 Qd6
21. Qa1+ f6 22. Rbc1 Rfc8 23. Nd4 Kf7 24. Rc6 Qd7 25. Qa2 Kg7 26. Rfc1 Ne8 27.
f4 Rxc6 28. Rxc6 Rc8 29. Ne6+ Kf7 30. Nd4 Kg7 31. Ne6+ Kf7 32. Nd4 Kg7 1/2-1/2